2025 Mets Top 15 Prospects - Statistics

General Stats
  • This quiz has been taken 20 times
  • The average score is 5 of 15
Answer Stats
Rank Position Acquired Level Answer % Correct
1 RHP Draft (2023) MLB Nolan McLean
95%
4 RHP Draft (2022) MLB Jonah Tong
84%
3 SS/OF/2B Draft (2022) AAA Jett Williams
79%
2 OF Draft (2024) AAA Carson Benge
74%
5 RHP Draft (2023) MLB Brandon Sproat
63%
8 1B/OF Trade w/ HOU AAA Ryan Clifford
26%
10 SS Signed (2025) ROK Elian Pena
21%
7 OF/2B Draft (2023) AA AJ Ewing
16%
14 LHP Draft (2024) AA Jonathan Santucci
16%
15 C/OF/1B Signed (2022) AA Chris Suero
5%
6 3B/1B Draft (2022) AA Jacob Reimer
5%
9 2B Draft (2025) A Mitch Voit
5%
11 RHP Draft (2024) AA Will Watson
5%
12 OF Draft (2024) A+ Eli Serrano III
0%
13 RHP Draft (2023) AA Jack Wenninger
0%
No matching quizzes found
Score Distribution
Percent of People with Each Score
Percentile by Number Answered
Your Score History
You have not taken this quiz